| 000 | 00346nam a22001217a 4500 | ||
|---|---|---|---|
| 999 |
_c130143 _d130143 |
||
| 008 | 200121b ||||| |||| 00| 0 eng d | ||
| 050 | _aPR5558.A2 1901 | ||
| 100 |
_aMiles, Alfred H. _948937 |
||
| 245 |
_aThe Tennyson reciter _cAlfred H. Miles |
||
| 260 |
_aLondon _bHutchinson and co. _c1901 |
||
| 300 |
_a224p. ; _c22cm. |
||
| 942 |
_2lcc _cMONOGRAPH |
||